PR-SOF-1424-Auto-Takeoff and Landing Quad-rotor UAV with Waypoint Navigation and Height Sensing (Record no. 577832)
[ view plain ]
| 000 -LEADER | |
|---|---|
| fixed length control field | 00436nam a22001217a 4500 |
| 082 ## - DEWEY DECIMAL CLASSIFICATION NUMBER | |
| Classification number | 220 PRO |
| 100 ## - MAIN ENTRY--PERSONAL NAME | |
| Personal name | Shakeeb Ahmed Osama Malik Muhammad Ibtehaj Nadeem Ammar Waqar Khan |
| 9 (RLIN) | 71148 |
| 245 ## - TITLE STATEMENT | |
| Title | PR-SOF-1424-Auto-Takeoff and Landing Quad-rotor UAV with Waypoint Navigation and Height Sensing |
| 260 ## - PUBLICATION, DISTRIBUTION, ETC. | |
| Place of publication, distribution, etc. | ISLAMABAD |
| Name of publisher, distributor, etc. | NUST COLLEGE OF EME |
| Date of publication, distribution, etc. | 2015 |
| 650 ## - SUBJECT ADDED ENTRY--TOPICAL TERM | |
| Topical term or geographic name entry element | DE-ELECT-33 |
| 9 (RLIN) | 71149 |
| 700 ## - ADDED ENTRY--PERSONAL NAME | |
| Personal name | DR. FAHAD MUMTAZ MALIK |
| 9 (RLIN) | 17335 |
| 942 ## - ADDED ENTRY ELEMENTS (KOHA) | |
| Koha item type | Continuing Resources |
| Withdrawn status | Lost status | Damaged status | Not for loan | Permanent Location | Current Location | Shelving location | Date acquired | Total Checkouts | Full call number | Barcode | Date last seen | Price effective from | Koha item type |
|---|---|---|---|---|---|---|---|---|---|---|---|---|---|
| College of Electrical & Mechanical Engineering (CEME) | College of Electrical & Mechanical Engineering (CEME) | Reference | 12/05/2019 | 220 PRO | PR-SOF-1424 | 06/28/2021 | 06/28/2021 | Continuing Resources |
